| 000 | 00514nam a2200181 i 4500 | ||
|---|---|---|---|
| 001 | 124588 | ||
| 003 | ES-MaACL | ||
| 007 | t| | ||
| 008 | 070330s1936 sp ||||1| spa d | ||
| 100 | 1 |
_aSolá, Miguel _9107046 |
|
| 245 | 1 | 0 |
_aHistoria del arte precolombino / _cMiguel Solá. |
| 260 |
_aBarcelona : _bLabor, _c[1936] |
||
| 300 |
_a244 p. : _bil. ; _c17 cm. |
||
| 490 | 1 |
_aColección Labor ; _v391, 392 |
|
| 830 | 0 | 0 |
_aColección Labor _v391, 392 _9184254 |
| 852 |
_aES-MaACL _jE-2860 |
||
| 999 |
_c124588 _d124588 |
||